|
|
|
|
| LEADER |
00000nam0a2200000 4500 |
| 001 |
99212 |
| 005 |
20231031111616.0 |
| 035 |
|
|
|a (RuTPU)RU\TPU\book\106437
|
| 090 |
|
|
|a 99212
|
| 100 |
|
|
|a 20060629d1985 m y0rusy50 ca
|
| 101 |
1 |
|
|a rus
|c eng
|
| 102 |
|
|
|a RU
|
| 105 |
|
|
|a a j 001zy
|
| 200 |
1 |
|
|a Равномерное распределение последовательностей
|e пер. с англ.
|f Л. Кейперс, Г. Нидеррейтер
|g под ред. С. М. Ермакова
|
| 210 |
|
|
|a Москва
|c Наука
|d 1985
|
| 215 |
|
|
|a 408 с.
|
| 320 |
|
|
|a Библиогр.: с. 364-405.
|
| 320 |
|
|
|a Указатель терминов: с. 406-407.
|
| 610 |
1 |
|
|a равномерные распределения
|
| 610 |
1 |
|
|a компактные пространства
|
| 610 |
1 |
|
|a топологические группы
|
| 610 |
1 |
|
|a целые числа
|
| 610 |
1 |
|
|a многочлены
|
| 610 |
1 |
|
|a последовательности
|
| 610 |
1 |
|
|a задачи
|
| 610 |
1 |
|
|a учебники
|
| 675 |
|
|
|a 517.52
|v 3
|
| 700 |
|
1 |
|a Кейперс
|b Л.
|g Лоуренс
|
| 701 |
|
1 |
|a Нидеррейтер
|b Г.
|g Гарольд
|
| 702 |
|
1 |
|a Ермаков
|b С. М.
|4 340
|
| 801 |
|
1 |
|a RU
|b 63413507
|c 20060629
|g PSBO
|
| 801 |
|
2 |
|a RU
|b 63413507
|c 20150821
|g PSBO
|
| 942 |
|
|
|c BK
|